[Event "GRE-chT U16"]
[Site "Thessaloniki"]
[Date "2021.12.18"]
[Round "4.1"]
[White "Gkaripis, Marios Ilias"]
[Black "Stoimenidis, Dimitrios"]
[Result "0-1"]
[WhiteElo "1531"]
[BlackElo "1968"]
[PlyCount "70"]
[EventDate "2021.12.16"]
[EventType "team-swiss"]
[EventRounds "6"]
[EventCountry "GRE"]
[SourceTitle "CBM 205 Extra"]
[Source "ChessBase"]
[SourceDate "2022.01.31"]
[SourceVersion "1"]
[SourceVersionDate "2022.01.31"]
[SourceQuality "1"]
[WhiteTeam "Neapolis Sykeon"]
[BlackTeam "Aris"]
[WhiteTeamCountry "GRE"]
[BlackTeamCountry "GRE"]

1. d4 Nf6 2. c4 e6 3. Nc3 Bb4 4. e3 0-0 5. Nge2 c6 6. a3 Ba5 7. c5 d5 8. cxd6 Qxd6 9. b4 Bc7 10. g3 e5 11. Bg2 Nbd7 12. d5 Nxd5 13. Nxd5 cxd5 14. Qxd5 Qxd5 15. Bxd5 Nb6 16. Bb3 Bg4 17. Nc3 Bf3 18. 0-0 Rad8 19. Bd1 e4 20. Bxf3 exf3 21. Ne4 Nc4 22. Ng5 Ne5 23. Bb2 h6 24. Rac1 Bd6 25. Bxe5 hxg5 26. Bd4 b6 27. Rc6 f6 28. Rfc1 Kh7 29. Kf1 Kg6 30. Ke1 Rh8 31. Bxb6 axb6 32. Rd1 Be5 33. Rxd8 Rxd8 34. a4 Rd3 35. a5 bxa5 0-1

[Event "GRE-chT U16"]
[Site "Thessaloniki"]
[Date "2021.12.17"]
[Round "2.1"]
[White "Gkaripis, Marios Ilias"]
[Black "Sklavounou, Iliana"]
[Result "1/2-1/2"]
[WhiteElo "1531"]
[BlackElo "1337"]
[PlyCount "110"]
[EventDate "2021.12.16"]
[EventType "team-swiss"]
[EventRounds "6"]
[EventCountry "GRE"]
[SourceTitle "CBM 205 Extra"]
[Source "ChessBase"]
[SourceDate "2022.01.31"]
[SourceVersion "1"]
[SourceVersionDate "2022.01.31"]
[SourceQuality "1"]
[WhiteTeam "Neapolis Sykeon"]
[BlackTeam "Kerkiras"]
[WhiteTeamCountry "GRE"]
[BlackTeamCountry "GRE"]

1. d4 Nf6 2. c4 e6 3. Nc3 Bb4 4. e3 0-0 5. Nge2 c5 6. a3 Bxc3+ 7. Nxc3 cxd4 8. exd4 d5 9. cxd5 Nxd5 10. Be2 Nc6 11. Bf3 Nce7 12. Nxd5 Nxd5 13. Qb3 Qd6 14. 0-0 b6 15. Bxd5 Qxd5 16. Qxd5 exd5 17. Bf4 Be6 18. Rfc1 Rac8 19. Bc7 Rfe8 20. Bf4 Rxc1+ 21. Rxc1 Rc8 22. Rxc8+ Bxc8 23. a4 a6 24. Bc7 b5 25. axb5 axb5 26. Bd6 f6 27. Kf1 Kf7 28. Ke2 Ke6 29. Bf8 g6 30. Kd3 f5 31. Kc3 Bd7 32. Kb4 Be8 33. Kc5 Bd7 34. Kb6 Be8 35. Kc7 Bd7 36. Kd8 Bc6 37. Bg7 Bd7 38. Kc7 Be8 39. Bh6 Bd7 40. Kb6 Be8 41. Kc5 Bd7 42. Kb4 Bc6 43. Kc3 Kf6 44. Kd3 Bd7 45. Ke3 Ke6 46. Kf4 b4 47. Bf8 b3 48. Ke3 Bb5 49. g3 Bc4 50. Kd2 Kf6 51. Ke3 Ke6 52. Kf4 Kf6 53. Bd6 g5+ 54. Ke3 h5 55. Bc7 Kg6 1/2-1/2

[Event "GRE-chT Final 4 48th"]
[Site "Larisa"]
[Date "2021.11.07"]
[Round "2.2"]
[White "Gkaripis, Marios Ilias"]
[Black "Stefanou, Dimitrios"]
[Result "1-0"]
[WhiteElo "1500"]
[BlackElo "2117"]
[PlyCount "91"]
[EventDate "2021.11.06"]
[EventType "team-k.o."]
[EventRounds "2"]
[EventCountry "GRE"]
[SourceTitle "CBM 205 Extra"]
[Source "ChessBase"]
[SourceDate "2022.01.31"]
[SourceVersion "1"]
[SourceVersionDate "2022.01.31"]
[SourceQuality "1"]
[WhiteTeam "Neapolis Sykeon"]
[BlackTeam "Kavalas SO"]
[WhiteTeamCountry "GRE"]
[BlackTeamCountry "GRE"]

1. d4 Nf6 2. c4 e6 3. Nc3 Bb4 4. e3 b6 5. Nge2 Ne4 6. Bd2 Nxd2 7. Qxd2 0-0 8. d5 e5 9. e4 d6 10. Ng3 a5 11. Be2 a4 12. 0-0 Nd7 13. Qc2 Bxc3 14. Qxc3 Nf6 15. b4 Ba6 16. f3 Nd7 17. Rfc1 g6 18. Qd2 Qh4 19. Bd1 Bc8 20. Rc3 f5 21. Ra3 Nf6 22. exf5 gxf5 23. Rxa4 Rxa4 24. Bxa4 f4 25. Ne2 Kh8 26. c5 Rg8 27. cxd6 Bh3 28. Nxf4 exf4 29. dxc7 Qg5 30. g4 Nxg4 31. fxg4 Qxg4+ 32. Kf2 Qg2+ 33. Ke1 Qg1+ 34. Ke2 Qxa1 35. Kd3 Bf5+ 36. Kc4 Qe5 37. Qd4 Qxd4+ 38. Kxd4 Rg2 39. Ke5 Bc8 40. d6 f3 41. d7 Re2+ 42. Kf4 Bxd7 43. Bxd7 Rc2 44. c8Q+ Rxc8 45. Bxc8 f2 46. Bh3 1-0

[Event "GRE-chT Final 4 48th"]
[Site "Larisa"]
[Date "2021.11.07"]
[Round "2.1"]
[White "Stefanou, Dimitrios"]
[Black "Gkaripis, Marios Ilias"]
[Result "1-0"]
[WhiteElo "2117"]
[BlackElo "1500"]
[PlyCount "51"]
[EventDate "2021.11.06"]
[EventType "team-k.o."]
[EventRounds "2"]
[EventCountry "GRE"]
[SourceTitle "CBM 205 Extra"]
[Source "ChessBase"]
[SourceDate "2022.01.31"]
[SourceVersion "1"]
[SourceVersionDate "2022.01.31"]
[SourceQuality "1"]
[WhiteTeam "Kavalas SO"]
[BlackTeam "Neapolis Sykeon"]
[WhiteTeamCountry "GRE"]
[BlackTeamCountry "GRE"]

1. d4 Nf6 2. c4 e6 3. Nf3 Bb4+ 4. Nbd2 b6 5. a3 Bxd2+ 6. Qxd2 Bb7 7. e3 d6 8. b4 Nbd7 9. Bb2 0-0 10. Be2 Ne4 11. Qc2 f5 12. 0-0 Rf6 13. d5 Rh6 14. dxe6 Rxe6 15. c5 bxc5 16. bxc5 Nexc5 17. Bc4 d5 18. Ba2 Ne4 19. Nd4 Rg6 20. Nxf5 Kh8 21. Bxg7+ Rxg7 22. Nxg7 Ba6 23. Ne6 Qf6 24. Bxd5 Bxf1 25. Rxf1 Ng5 26. Nxg5 1-0

[Event "GRE-chT2 48th"]
[Site "Thessaloniki"]
[Date "2021.10.08"]
[Round "5.2"]
[White "Tzagarakis, Panagiotis"]
[Black "Gkaripis, Marios Ilias"]
[Result "1-0"]
[WhiteElo "1997"]
[BlackElo "1515"]
[PlyCount "95"]
[EventDate "2021.10.05"]
[EventType "team-swiss"]
[EventRounds "7"]
[EventCountry "GRE"]
[SourceTitle "CBM 204 Extra"]
[Source "ChessBase"]
[SourceDate "2021.11.30"]
[SourceVersion "1"]
[SourceVersionDate "2021.11.30"]
[SourceQuality "1"]
[WhiteTeam "Chania SA"]
[BlackTeam "Neapolis Sykeon"]
[WhiteTeamCountry "GRE"]
[BlackTeamCountry "GRE"]

1. e4 c6 2. d4 d5 3. e5 Bf5 4. h4 a6 5. g4 Bd7 6. h5 h6 7. Nd2 e6 8. Nb3 Qc7 9. Nf3 c5 10. Nxc5 Bxc5 11. dxc5 Qxc5 12. c3 Qc7 13. Bf4 Nc6 14. Bd3 Nge7 15. Qd2 Nc8 16. 0-0 Nb6 17. b4 Na7 18. Rfc1 Nc4 19. Qe2 Rc8 20. a4 Qd8 21. Nd4 0-0 22. Bg3 Qe8 23. Bc2 g6 24. Qd3 Kg7 25. Nf3 Nb2 26. Qe3 Nxa4 27. Bxa4 Bxa4 28. Qxa7 Rc4 29. Nd4 gxh5 30. gxh5 Bc6 31. Nxc6 Qxc6 32. Qe3 Rc8 33. Bf4 Rxc3 34. Bxh6+ Kh7 35. Qf4 Rxc1+ 36. Rxc1 Qxc1+ 37. Qxc1 Rxc1+ 38. Bxc1 b6 39. Kf1 a5 40. bxa5 bxa5 41. Ke2 a4 42. Kd3 Kg7 43. Bg5 a3 44. Kc2 d4 45. Kb3 d3 46. Kxa3 f6 47. exf6+ Kf7 48. Kb3 1-0

[Event "GRE-chT2 48th"]
[Site "Thessaloniki"]
[Date "2021.10.07"]
[Round "4.3"]
[White "Gkaripis, Marios Ilias"]
[Black "Tsarsitalidis, Christos"]
[Result "0-1"]
[WhiteElo "1515"]
[BlackElo "1892"]
[PlyCount "50"]
[EventDate "2021.10.05"]
[EventType "team-swiss"]
[EventRounds "7"]
[EventCountry "GRE"]
[SourceTitle "CBM 204 Extra"]
[Source "ChessBase"]
[SourceDate "2021.11.30"]
[SourceVersion "1"]
[SourceVersionDate "2021.11.30"]
[SourceQuality "1"]
[WhiteTeam "Neapolis Sykeon"]
[BlackTeam "Thessaloniki ES"]
[WhiteTeamCountry "GRE"]
[BlackTeamCountry "GRE"]

1. d4 d5 2. c4 e6 3. Nc3 Bb4 4. Qa4+ Nc6 5. Nf3 Bd7 6. Qc2 dxc4 7. e4 b5 8. Bd2 a6 9. a4 Na5 10. axb5 axb5 11. Nxb5 Bxd2+ 12. Qxd2 Bxb5 13. Rxa5 c6 14. Rxa8 Qxa8 15. Be2 Qa1+ 16. Bd1 Nf6 17. Qc2 0-0 18. Nd2 Rd8 19. e5 Nd5 20. Nxc4 Nb4 21. Qc3 Rxd4 22. Ne3 Nd3+ 23. Kd2 c5 24. Nc2 Qc1+ 25. Ke2 Nxe5+ 0-1

[Event "GRE-ch U20"]
[Site "Trikala"]
[Date "2021.08.26"]
[Round "6"]
[White "Koulouris, Evangelos"]
[Black "Gkaripis, Marios Ilias"]
[Result "1-0"]
[WhiteElo "1710"]
[BlackElo "1491"]
[PlyCount "103"]
[EventDate "2021.08.23"]
[EventType "swiss"]
[EventRounds "9"]
[EventCountry "GRE"]
[SourceTitle "EXT 2022"]
[Source "ChessBase"]
[SourceDate "2021.10.06"]
[SourceVersion "1"]
[SourceVersionDate "2021.10.06"]
[SourceQuality "1"]

1. d4 Nf6 2. c4 e6 3. Nf3 Bb4+ 4. Bd2 a5 5. g3 d6 6. Bg2 Nbd7 7. 0-0 e5 8. e3 c6 9. a3 Bxd2 10. Nbxd2 a4 11. Qc2 Qe7 12. Rac1 0-0 13. Rfe1 Re8 14. Nb1 Qd8 15. Nc3 Qa5 16. Rcd1 Nf8 17. d5 c5 18. e4 Bd7 19. Bf1 Ng6 20. Be2 h6 21. Nd2 Red8 22. Nf1 Ne8 23. Ne3 Ne7 24. f4 exf4 25. gxf4 Ng6 26. Rf1 Nc7 27. Bd3 Qa6 28. Rd2 b5 29. h4 b4 30. Ncd1 bxa3 31. bxa3 h5 32. Be2 Qb6 33. Bxh5 Qb3 34. Bxg6 fxg6 35. e5 Qxc2 36. Rxc2 Rdb8 37. Rc3 Rb3 38. Rf2 Rab8 39. Rfc2 Rxc3 40. Rxc3 Rb1 41. Kf2 dxe5 42. fxe5 Bg4 43. Nxg4 Rxd1 44. e6 Ne8 45. Rf3 Rb1 46. e7 Nd6 47. Rf8+ Kh7 48. e8Q Nxe8 49. Rxe8 Rb3 50. Ne5 g5 51. hxg5 Rxa3 52. d6 1-0

[Event "Thessaloniki U16 6th"]
[Site "Thessaloniki"]
[Date "2019.12.07"]
[Round "5.3"]
[White "Iakovidis, Orestis Marios"]
[Black "Gkaripis, Marios Ilias"]
[Result "1-0"]
[WhiteElo "1341"]
[BlackElo "1474"]
[PlyCount "50"]
[EventDate "2019.12.05"]
[EventType "swiss (rapid)"]
[EventRounds "8"]
[EventCountry "GRE"]
[SourceTitle "EXT 2024"]
[Source "ChessBase"]
[SourceDate "2023.10.10"]
[SourceVersion "1"]
[SourceVersionDate "2023.10.10"]
[SourceQuality "1"]

1. d4 Nf6 2. c4 e6 3. Nc3 Bb4 4. Bd2 0-0 5. e3 d5 6. Bd3 dxc4 7. Bxc4 b6 8. Nf3 Bb7 9. 0-0 Qe7 10. a3 Bxc3 11. Bxc3 Rd8 12. Rc1 c5 13. Qe2 Ne4 14. dxc5 Nxc3 15. Rxc3 bxc5 16. Rd1 Nd7 17. Ba6 Bxf3 18. Qxf3 Ne5 19. Qh5 Rxd1+ 20. Qxd1 Rd8 21. Qc2 Qd6 22. Be2 c4 23. f4 Nd3 24. Rxc4 g6 25. Rd4 Rc8 1-0

[Event "GRE-chT U16"]
[Site "Thessaloniki"]
[Date "2019.11.28"]
[Round "1.1"]
[White "Gkaripis, Marios Ilias"]
[Black "Patrelakis, Evaggelos"]
[Result "0-1"]
[WhiteElo "1453"]
[BlackElo "2284"]
[PlyCount "104"]
[EventDate "2019.11.28"]
[EventType "team-swiss"]
[EventRounds "6"]
[EventCountry "GRE"]
[SourceTitle "CBM 193 Extra"]
[Source "ChessBase"]
[SourceDate "2020.01.31"]
[SourceVersion "1"]
[SourceVersionDate "2020.01.31"]
[SourceQuality "1"]
[WhiteTeam "Neapolis Sykeon"]
[BlackTeam "Chanion"]
[WhiteTeamCountry "GRE"]
[BlackTeamCountry "GRE"]

1. d4 Nf6 2. c4 g6 3. Nc3 Bg7 4. e4 d6 5. Nge2 0-0 6. Ng3 c5 7. d5 e6 8. Be2 Re8 9. 0-0 a6 10. a4 exd5 11. exd5 Nbd7 12. Bf4 Qc7 13. Qd2 h5 14. f3 Ne5 15. Rfe1 h4 16. Nge4 h3 17. g3 Nxe4 18. Nxe4 Bf5 19. Bg5 Ng4 20. Nf2 Nxf2 21. Kxf2 Bd4+ 22. Kf1 Qb6 23. g4 Bd7 24. a5 Qxb2 25. Qxb2 Bxb2 26. Rab1 Bc3 27. Rec1 Bb4 28. Kf2 f5 29. Bd3 Kf7 30. Kg3 b6 31. axb6 Rab8 32. Kxh3 Rxb6 33. Kg3 a5 34. h4 a4 35. gxf5 gxf5 36. h5 a3 37. Ra1 Rg8 38. f4 Re8 39. Kf3 Bd2 40. Rd1 Rb2 41. Be2 Ba4 42. Rdb1 Re3+ 43. Kf2 Rxb1 44. Rxb1 Rb3 45. Ra1 Bc3 46. Ra2 Bd4+ 47. Ke1 Rb1+ 48. Kd2 Rb2+ 49. Rxb2 Bxb2 50. h6 a2 51. h7 a1Q 52. Bh5+ Kg7 0-1

[Event "GRE-chT 46th"]
[Site "Rio Achaia"]
[Date "2018.07.14"]
[Round "6.7"]
[White "Gkaripis, Marios Ilias"]
[Black "Mplitsa, Artemis"]
[Result "1/2-1/2"]
[WhiteElo "1374"]
[BlackElo "1182"]
[PlyCount "91"]
[EventDate "2018.07.10"]
[EventType "team"]
[EventRounds "7"]
[EventCountry "GRE"]
[SourceTitle "CBM 185 Extra"]
[Source "ChessBase"]
[SourceDate "2018.07.29"]
[SourceVersion "1"]
[SourceVersionDate "2018.07.29"]
[SourceQuality "1"]
[WhiteTeam "Nepolis"]
[BlackTeam "Alexandropulis Mas National"]
[WhiteTeamCountry "GRE"]
[BlackTeamCountry "GRE"]

1. d4 d5 2. c4 c6 3. Nf3 Nf6 4. e3 e6 5. Nbd2 Nbd7 6. Bd3 dxc4 7. Nxc4 b5 8. Nce5 Nxe5 9. Nxe5 Qc7 10. Qc2 Bb4+ 11. Kf1 a6 12. Qxc6+ Qxc6 13. Nxc6 Bd6 14. Bd2 Bb7 15. Na5 Be4 16. Be2 e5 17. f3 Bg6 18. Nb3 Rc8 19. Kf2 0-0 20. Rac1 Bc2 21. Nc5 Bxc5 22. dxc5 Bg6 23. e4 Rc6 24. b4 Nd7 25. g4 Rd8 26. Rhd1 Nf8 27. Bc3 Rxd1 28. Bxd1 f6 29. Bb3+ Bf7 30. Bd5 Rc7 31. Rd1 Ng6 32. Bxf7+ Kxf7 33. Rd6 Ra7 34. Rb6 Ne7 35. c6 Rc7 36. Rxa6 Rxc6 37. Rxc6 Nxc6 38. Ke3 Ke6 39. Kd3 Kd6 40. Ke3 Ke6 41. a3 Kd6 42. f4 g6 43. fxe5+ fxe5 44. h4 h5 45. g5 Ke6 46. Kd3 1/2-1/2

[Event "GRE-chT 45th"]
[Site "Achaia"]
[Date "2017.07.08"]
[Round "7.7"]
[White "Gkaripis, Marios Ilias"]
[Black "Gavalakis, Dimitrios"]
[Result "1/2-1/2"]
[WhiteElo "1187"]
[BlackElo "1123"]
[PlyCount "72"]
[EventDate "2017.07.03"]
[EventType "team-swiss"]
[EventRounds "7"]
[EventCountry "GRE"]
[SourceTitle "CBM 179 Extra"]
[Source "ChessBase"]
[SourceDate "2017.08.23"]
[SourceVersion "1"]
[SourceVersionDate "2017.08.23"]
[SourceQuality "1"]
[WhiteTeam "Sykeon Neapolis"]
[BlackTeam "Korinthias Argonaftis"]
[WhiteTeamCountry "GRE"]
[BlackTeamCountry "GRE"]

1. d4 d5 2. c4 e6 3. Nc3 Nf6 4. Bg5 Nbd7 5. Nf3 c6 6. e3 Qa5 7. Nd2 Bb4 8. Qc2 e5 9. Bxf6 Nxf6 10. dxe5 Ne4 11. Ndxe4 dxe4 12. Be2 Qxe5 13. a3 Bxc3+ 14. Qxc3 Qxc3+ 15. bxc3 b6 16. 0-0-0 c5 17. Rd5 f6 18. Rhd1 Be6 19. Rd6 Ke7 20. Kc2 Rhd8 21. Rxd8 Rxd8 22. Rxd8 Kxd8 23. f3 f5 24. fxe4 fxe4 25. g3 Ke7 26. a4 Bd7 27. Kb3 a6 28. Bf1 Kd6 29. Bg2 Bc6 30. Bf1 Ke5 31. Be2 Kf5 32. Ka3 Kg5 33. Kb3 h5 34. h3 Bd7 35. Bf1 Kf6 36. Ka3 g5 1/2-1/2

[Event "GRE-chT U16 9th"]
[Site "Thessaloniki"]
[Date "2016.12.17"]
[Round "4.4"]
[White "Gkaripis, Marios Ilias"]
[Black "Chatzigavriil, Georgios A"]
[Result "0-1"]
[WhiteElo "1204"]
[BlackElo "1083"]
[PlyCount "58"]
[EventDate "2016.12.15"]
[EventType "team-swiss"]
[EventRounds "6"]
[EventCountry "GRE"]
[SourceTitle "CBM 176 Extra"]
[Source "ChessBase"]
[SourceDate "2017.03.02"]
[SourceVersion "1"]
[SourceVersionDate "2017.03.02"]
[SourceQuality "1"]
[WhiteTeam "Neapolis Sykeon"]
[BlackTeam "Kavalas"]
[WhiteTeamCountry "GRE"]
[BlackTeamCountry "GRE"]

1. d4 d5 2. c4 c6 3. Nc3 e6 4. cxd5 cxd5 5. Nf3 Bb4 6. Bd2 Nc6 7. e3 Nge7 8. Bd3 0-0 9. 0-0 Qc7 10. Rc1 Bd7 11. a3 Bd6 12. Nb5 Qb8 13. Nxd6 Qxd6 14. Qe2 h6 15. Rc2 f6 16. Bc3 e5 17. dxe5 fxe5 18. e4 d4 19. Bd2 Bg4 20. Bc4+ Kh8 21. Bd3 Qg6 22. Kh1 Qh5 23. Rg1 Rxf3 24. Qf1 Ng6 25. gxf3 Bxf3+ 26. Rg2 Nh4 27. a4 Bxg2+ 28. Qxg2 Nxg2 29. Kxg2 a5 0-1

[Event "GRE-chT 44th"]
[Site "Achaia"]
[Date "2016.07.10"]
[Round "7.13"]
[White "Kasioumis, Vasilios"]
[Black "Gkaripis, Marios Ilias"]
[Result "1-0"]
[WhiteElo "1910"]
[BlackElo "1324"]
[PlyCount "75"]
[EventDate "2016.07.05"]
[EventType "team-swiss"]
[EventRounds "7"]
[EventCountry "GRE"]
[SourceTitle "CBM 173 Extra"]
[Source "ChessBase"]
[SourceDate "2016.08.29"]
[SourceVersion "1"]
[SourceVersionDate "2016.08.29"]
[SourceQuality "1"]
[WhiteTeam "Egaleo CN"]
[BlackTeam "Naples Sykeon"]
[WhiteTeamCountry "GRE"]
[BlackTeamCountry "GRE"]

1. e4 e5 2. Nf3 Nc6 3. Bc4 Be7 4. d3 Nf6 5. a4 0-0 6. 0-0 d6 7. c3 Bg4 8. Re1 Qd7 9. Nbd2 Rfe8 10. Nf1 h6 11. Ne3 Bh5 12. b4 a6 13. b5 Nd8 14. bxa6 bxa6 15. h3 a5 16. g4 Bg6 17. Nh4 Bh7 18. Nef5 Rb8 19. Qf3 Bxf5 20. Nxf5 Rf8 21. d4 Kh7 22. Ba3 Ng8 23. Rad1 Qe8 24. Bb5 c6 25. Bc4 Nb7 26. Qg3 f6 27. f4 exf4 28. Qxf4 Qd7 29. Bd3 Kh8 30. e5 fxe5 31. dxe5 g6 32. Qd4 Kh7 33. e6 Bf6 34. Qe4 Qe8 35. Nxd6 Nxd6 36. Bxd6 Rc8 37. Bxf8 Qxf8 38. Qxg6+ 1-0

[Event "GRE-chT 44th"]
[Site "Achaia"]
[Date "2016.07.08"]
[Round "5.14"]
[White "Gkaripis, Marios Ilias"]
[Black "Klidaras, Anastasios"]
[Result "1/2-1/2"]
[WhiteElo "1324"]
[BlackElo "1304"]
[PlyCount "73"]
[EventDate "2016.07.05"]
[EventType "team-swiss"]
[EventRounds "7"]
[EventCountry "GRE"]
[SourceTitle "CBM 173 Extra"]
[Source "ChessBase"]
[SourceDate "2016.08.29"]
[SourceVersion "1"]
[SourceVersionDate "2016.08.29"]
[SourceQuality "1"]
[WhiteTeam "Naples Sykeon"]
[BlackTeam "New Filadelfeias"]
[WhiteTeamCountry "GRE"]
[BlackTeamCountry "GRE"]

1. d4 d5 2. c4 e6 3. Nc3 Nf6 4. Bg5 c5 5. cxd5 exd5 6. dxc5 Bxc5 7. e3 Be6 8. Bb5+ Nc6 9. Nf3 a6 10. Bxc6+ bxc6 11. Qa4 Qb6 12. Bxf6 gxf6 13. Qc2 Bd6 14. 0-0 Kd7 15. Nd4 Rag8 16. Rfd1 Qc7 17. g3 h5 18. Nxe6 fxe6 19. Ne2 h4 20. Kg2 f5 21. Rdc1 hxg3 22. hxg3 Rh7 23. Rh1 Rgh8 24. Rxh7+ Rxh7 25. Rh1 Rxh1 26. Kxh1 Qa5 27. Nc3 Qc5 28. Qd3 Qb6 29. Qd2 Bb4 30. a3 Bxc3 31. Qxc3 Qb5 32. Qg7+ Kd6 33. Kg2 Qb8 34. f4 Qe8 35. Qe5+ Kd7 36. Qg7+ Kd6 37. Qe5+ 1/2-1/2

[Event "GRE-ch U10"]
[Site "Porto Rio"]
[Date "2016.07.01"]
[Round "6"]
[White "Gkaripis, Marios Ilias"]
[Black "Christodoulou, Panormitis"]
[Result "1/2-1/2"]
[WhiteElo "1158"]
[BlackElo "1263"]
[PlyCount "68"]
[EventDate "2016.06.28"]
[EventType "swiss"]
[EventRounds "9"]
[EventCountry "GRE"]
[SourceTitle "CBM 173 Extra"]
[Source "ChessBase"]
[SourceDate "2016.08.29"]
[SourceVersion "1"]
[SourceVersionDate "2016.08.29"]
[SourceQuality "1"]

1. d4 Nf6 2. c4 Nc6 3. Nc3 e5 4. e3 Bb4 5. a3 Bxc3+ 6. bxc3 d6 7. Bd3 0-0 8. Ne2 Ne7 9. e4 h6 10. f3 Ng6 11. 0-0 Nh5 12. Be3 Qf6 13. Qd2 Bd7 14. d5 b6 15. Rf2 Nhf4 16. Bxf4 Nxf4 17. Nxf4 Qxf4 18. Qxf4 exf4 19. Re2 f6 20. g3 g5 21. gxf4 gxf4 22. Rg2+ Kf7 23. Kf2 Rg8 24. Rgg1 Rxg1 25. Rxg1 Rg8 26. Rb1 Rg5 27. Rh1 Bh3 28. Bf1 Bxf1 29. Rxf1 h5 30. a4 a5 31. Re1 h4 32. Rg1 Rxg1 33. Kxg1 h3 34. Kf2 Ke7 1/2-1/2